| 000 | 00556nas a2200205 i 4500 | ||
|---|---|---|---|
| 001 | 1633 | ||
| 003 | ES-MaACL | ||
| 005 | 20250804062722.0 | ||
| 007 | t| | ||
| 008 | 950801d18681894gw | | 1 ||er d | ||
| 022 | _a0934-9073 | ||
| 245 | 0 | 0 | _aPhilosophische Monatshefte. |
| 260 |
_aLeipzig, etc : _bErich Koschny, etc, _c1868-1894 ( _eGiessen : _fWilhem Keller) |
||
| 300 |
_av ; _c23 cm. |
||
| 362 | 0 | _aT. I (1868)-T. XXX (1894) | |
| 650 | 1 | 7 |
_aFilosofĂa _2embne _912802 |
| 852 |
_aES-MaACL _jHem-117 |
||
| 866 | 0 | _o(1875-94) | |
| 999 |
_c1633 _d1633 |
||